[Event "It (open)"]
[Site "masterchessopen.com Sao Jose do Rio Preto (Brazil)"]
[Date "2007.04.28"]
[Round "2"]
[White "Name Gabriel (BRA)"]
[Black "Brandao Renan Alves (BRA)"]
[Result "1-0"]
[WhiteElo "2241"]
[BlackElo "1998"]

1.d4 Nf6 2.c4 g6 3.Nc3 Bg7 4.e4 d6 5.Be2 O-O 6.Bg5 h6 7.Bd2 e5 8.d5 a5 9.h4
Na6 10.h5 g5 11.Be3 Nxe4 12.Nxe4 f5 13.Nc3 f4 14.Bd2 Nc5 15.Na4 Ne4 16.Bg4
Nxd2 17.Bxc8 Qxc8 18.Qxd2 e4 19.O-O-O b5 20.cxb5 Qe8 21.Nc3 a4 22.f3 a3 23.b3
Rb8 24.Nge2 e3 25.Qd3 {#r} 1-0

[Event "It (open)"]
[Site "masterchessopen.com Galatzi (Romania)"]
[Date "2007.05.09"]
[Round "2"]
[White "Grigorov Grigor (BUL)"]
[Black "Richard Sebastian (ROM)"]
[Result "1-0"]
[WhiteElo "2452"]
[BlackElo "2066"]

1.d4 Nf6 2.c4 g6 3.Nc3 Bg7 4.e4 O-O 5.Be2 d6 6.Bg5 h6 7.Be3 e5 8.d5 a5 9.g4
Ne8 10.Qd2 Kh7 11.h4 Na6 12.h5 g5 13.f3 Bd7 14.Nh3 f6 15.Nf2 a4 16.Nd3 c5
17.dxc6 Bxc6 18.Kf2 Qa5 19.b4 Nxb4 20.Nxb4 Qxb4 21.Rab1 Qa3 22.Rb6 d5 23.exd5
{#r} 1-0

[Event "It (open) \"]
[Site "masterchessopen.com Berlin (Germany)"]
[Date "2007.05.17"]
[Round "3"]
[White "Sabrowski Uwe (GER)"]
[Black "Yuan Yizheng (GER)"]
[Result "1-0"]
[WhiteElo "2142"]
[BlackElo "1795"]

1.d4 Nf6 2.c4 g6 3.Nc3 Bg7 4.e4 d6 5.Be2 O-O 6.Bg5 h6 7.Be3 c5 8.d5 e6 9.Nf3
exd5 10.cxd5 b5 11.Qc2 b4 12.Nb1 a5 13.Nbd2 Nbd7 14.O-O Re8 15.Rae1 Ng4 16.Bd3
Nxe3 17.Rxe3 Ba6 18.Bxa6 Rxa6 19.Nc4 Nb6 20.Rd1 Qd7 21.Qe2 Nxc4 22.Qxc4 Qa7
23.Re2 Rb8 24.e5 dxe5 25.Nxe5 Rd8 26.Rc1 Bxe5 27.Rxe5 f6 28.d6+ Kh8 29.Re7 Rd7
30.Re8+ {#r} 1-0

[Event "Ch City"]
[Site "masterchessopen.com Belgorod (Russia)"]
[Date "2007.05.22"]
[Round "3"]
[White "Miroshnikov Evgenij V (RUS)"]
[Black "Horoshilov Nikita (RUS)"]
[Result "0-1"]
[WhiteElo "2009"]
[BlackElo "2141"]

1.d4 Nf6 2.c4 d6 3.Nc3 g6 4.e4 Bg7 5.Be2 O-O 6.Bg5 h6 7.Be3 e5 8.d5 Nbd7 9.b4
Ne8 10.f3 f5 11.Bd3 Ndf6 12.Nge2 f4 13.Bf2 g5 14.Kd2 a5 15.a3 Bd7 16.Qb3 b6
17.Rhb1 g4 18.Qd1 Nh5 19.Qe1 Qg5 20.Bh4 Qg6 21.c5 bxc5 22.bxc5 dxc5 23.Be7 Rf7
24.Bxc5 Nd6 25.Nb5 Bxb5 26.Bxb5 Nxe4+ 27.fxe4 Qxe4 28.Bc6 Rd8 29.Nc3 Qxg2+
30.Qe2 Qh3 31.Ne4 Nf6 32.Nxf6+ Bxf6 33.Rg1 f3 34.Qf1 Bg5+ 35.Kd3 Qxh2 36.Rxg4
Qd2+ 37.Kc4 Qc2+ 38.Kb5 Rb8+ 39.Ka6 Qxc5 {#R} 0-1

[Event "Memorial Em.Lasker (open)"]
[Site "masterchessopen.com Barlinek (Poland)"]
[Date "2007.06.04"]
[Round "3"]
[White "Maliszewski Jaroslaw (POL)"]
[Black "Szewczyk Jan"]
[Result "0-1"]
[WhiteElo "1928"]
[BlackElo "2051"]

1.c4 Nf6 2.Nc3 d6 3.d4 g6 4.e4 Bg7 5.Be2 O-O 6.Bg5 h6 7.Be3 Nc6 8.Qd2 Kh7 9.f4
e5 10.fxe5 dxe5 11.d5 Nd4 12.Bxd4 exd4 13.Qxd4 Ng4 14.Qd3 Qe7 15.Nf3 f5
16.exf5 Bxf5 17.Qd2 Rae8 18.Nd4 Qc5 19.Ncb5 Ne3 20.b4 Nxg2+ 21.Kd1 Qe7 22.Rg1
Ne3+ 23.Kc1 a6 24.Nc3 Qxb4 25.a3 Qc5 26.Nxf5 Nxf5 27.Kc2 Nd4+ 28.Kd3 Nb3
29.Qe1 Qd4+ 30.Kc2 Nxa1+ {#R} 0-1

[Event "Ch Bayern (seniors) (open)"]
[Site "masterchessopen.com Schney (Germany)"]
[Date "2007.06.14"]
[Round "3"]
[White "Peiberg Ehrhard"]
[Black "Ponnath Klaus (GER)"]
[Result "1-0"]
[WhiteElo "1663"]
[BlackElo "1825"]

1.d4 Nf6 2.c4 g6 3.Nc3 Bg7 4.e4 d6 5.Be2 O-O 6.Bg5 h6 7.Be3 Na6 8.h3 c5 9.d5
Qa5 10.Qd2 Kh7 11.Nf3 Qd8 12.O-O Nc7 13.Rad1 a6 14.a4 Bd7 15.Qc2 Rb8 16.e5
Nfe8 17.exd6 Nxd6 18.Bxc5 Bf5 19.Bd3 Nce8 20.Bxf5 Nxf5 21.Rfe1 b6 22.Be3 Nxe3
23.Rxe3 Nd6 24.b3 Rc8 25.Ne4 f5 26.Nxd6 Qxd6 27.Qe2 Bf6 28.Nd4 Rfd8 29.Nc6 Rd7
30.Re6 Qa3 31.Ne5 Rd6 32.Rxd6 exd6 33.Nd7 Bd8 34.Nf8+ Kg7 35.Ne6+ Kh7 36.Nxd8
{#r} 1-0

[Event "Ch Slovenia (qual)"]
[Site "masterchessopen.com Ljubljana (Slovenia)"]
[Date "2007.07.14"]
[Round "8"]
[White "Jokovic Dusan (SLO)"]
[Black "Zupancic Jernej (SLO)"]
[Result "1-0"]
[WhiteElo "2171"]
[BlackElo "2008"]

1.d4 Nf6 2.c4 g6 3.Nc3 Bg7 4.e4 d6 5.Be2 O-O 6.Bg5 h6 7.Be3 e5 8.d5 Kh7 9.h4
a5 10.g4 Nfd7 11.h5 g5 12.f3 Na6 13.Bd3 Ndc5 14.Nge2 Kg8 15.Kf2 Qe7 16.Qd2 f6
17.Bc2 Nb4 18.a3 Nxc2 19.Qxc2 Bd7 20.b4 axb4 21.axb4 Na6 22.Qb3 Rfc8 23.Ra2 c5
24.dxc6 bxc6 25.Rha1 Nc7 26.Rxa8 Rxa8 27.Rxa8+ Nxa8 28.b5 cxb5 29.Nd5 Qf7
30.cxb5 Bc8 31.Ne7+ Kf8 32.Qxf7+ Kxf7 33.Nxc8 {#r} 1-0

[Event "It (open)"]
[Site "masterchessopen.com Stillwater (USA)"]
[Date "2007.07.21"]
[Round "2"]
[White "Johnson Chuck (USA)"]
[Black "Graham S"]
[Result "1-0"]
[WhiteElo "1857"]
[BlackElo "2089"]

1.d4 Nf6 2.c4 g6 3.Nc3 Bg7 4.e4 d6 5.Be2 O-O 6.Bg5 h6 7.Be3 c6 8.Qd2 Kh7 9.Nf3
Nbd7 10.h3 Qa5 11.O-O e5 12.d5 cxd5 13.cxd5 Nc5 14.b4 Qxb4 15.Rfb1 Qa5 16.Rb5
Qc7 17.Bxc5 dxc5 18.d6 Qd8 19.Rxc5 b6 20.Rxe5 Bb7 21.Re7 Bxe4 22.Rd1 Bf5
23.Bc4 Qc8 24.Bxf7 Bxh3 25.Bxg6+ Kxg6 26.Qd3+ Bf5 27.Nh4+ Kg5 28.Nxf5 Bh8
29.f4+ Kh5 30.Qh3+ Kg6 31.Qxh6+ Kxf5 32.Qg5# 1-0

[Event "Ch France (seniors)"]
[Site "masterchessopen.com Aix les Bains (France)"]
[Round "11"]
[White "Graille Michel (FRA)"]
[Black "Gibson John (FRA)"]
[Result "1-0"]
[WhiteElo "1999"]
[BlackElo "1882"]

1.d4 Nf6 2.c4 g6 3.Nc3 Bg7 4.e4 d6 5.Be2 O-O 6.Bg5 h6 7.Bf4 Nbd7 8.Qd2 Kh7
9.Nf3 c5 10.d5 a6 11.a4 a5 12.h3 Nb8 13.e5 Ne8 14.O-O Na6 15.Bd3 Nb4 16.Bb1
Rh8 17.Re1 Kg8 18.Qe3 Kf8 19.Nb5 Bf5 20.Bxf5 gxf5 21.Nh4 Nc2 22.Qg3 e6 23.dxe6
Nxa1 24.Rxa1 dxe5 25.Bxe5 Bxe5 26.Qxe5 Qxh4 27.Qxh8+ Ke7 28.exf7 Kxf7 29.Nd6+
Kg6 30.Qg8+ Kh5 31.Qf7+ Kg5 32.Qxf5# 1-0

[Event "It (open)"]
[Site "masterchessopen.com Dubna (Russia)"]
[Date "2007.08.07"]
[Round "6"]
[White "Karklin Viacheslav (RUS)"]
[Black "Miroshkin Dmitry (RUS)"]
[Result "1-0"]
[WhiteElo "2171"]
[BlackElo "2065"]

1.d4 Nf6 2.c4 g6 3.Nc3 Bg7 4.e4 d6 5.Be2 O-O 6.Bg5 h6 7.Bf4 Nc6 8.d5 e5 9.Be3
Nd4 10.Nf3 Nxe2 11.Qxe2 Ng4 12.Nd2 f5 13.f3 Nxe3 14.Qxe3 c5 15.O-O-O Bd7
16.Kc2 a6 17.a4 Kh7 18.Ra1 h5 19.Rab1 Qa5 20.Qd3 Bxa4+ 21.Nxa4 Qxa4+ 22.b3
Qa2+ 23.Rb2 Qa3 24.Rbb1 f4 25.b4 Qxd3+ 26.Kxd3 cxb4 27.Rxb4 Rf7 28.Rb6 Bf8
29.Rhb1 Ra7 30.Nb3 Be7 31.Nc1 Bf8 32.Kc3 Rd7 33.Nd3 Be7 34.c5 Bd8 35.Rxd6 Rxd6
36.cxd6 b5 37.Kb4 a5+ 38.Kc5 Bf6 39.Rxb5 a4 40.Kb6 {#r} 1-0

[Event "Ch France (w)"]
[Site "masterchessopen.com Aix les Bains (France)"]
[Date "2007.08.23"]
[Round "10"]
[White "Flear Christine (FRA)"]
[Black "Lallemand Roza (FRA)"]
[Result "1-0"]
[WhiteElo "2149"]
[BlackElo "2246"]

1.d4 g6 2.c4 Bg7 3.e4 d6 4.Nc3 Nf6 5.Be2 O-O 6.Bg5 h6 7.Be3 Nc6 8.d5 Ne5 9.f4
Neg4 10.Bd2 h5 11.h3 Nh6 12.Nf3 e6 13.O-O c6 14.dxe6 fxe6 15.Qc2 e5 16.c5 exf4
17.Bxf4 dxc5 18.Bc4+ Kh8 19.Rad1 Qe8 20.Nh4 Nh7 21.Rd8 Bd4+ 22.Rxd4 cxd4
23.Be5+ Nf6 24.Rxf6 Rxf6 25.Bxf6+ Kh7 26.Nf3 g5 27.Nxg5+ Kg6 28.e5+ Bf5
29.Nce4 c5 30.Qe2 d3 31.Bxd3 Nf7 32.Ng3 Nxe5 33.Bxe5 Kxg5 34.Bxf5 Rd8 35.Qe3+
{#r} 1-0

[Event "Ch Europe (blitz)"]
[Site "masterchessopen.com Ajaccio (France)"]
[Date "2007.10.25"]
[Round "4"]
[White "Milov Vadim (SUI)"]
[Black "Migheli Gabriel (FRA)"]
[Result "1-0"]
[WhiteElo "2680"]
[BlackElo "1906"]

1.d4 Nf6 2.c4 g6 3.Nc3 Bg7 4.e4 O-O 5.Be2 d6 6.Bg5 h6 7.Be3 e5 8.d5 Nbd7 9.Qd2
Kh7 10.f3 Nh5 11.Bd1 f5 12.Bc2 f4 13.Bf2 Nc5 14.Nge2 a6 15.b4 Nd7 16.c5 dxc5
17.bxc5 b5 18.Nc1 b4 19.Na4 a5 20.Nb3 Nhf6 21.c6 Nb6 22.Nxb6 cxb6 23.O-O g5
24.d6 g4 25.d7 Ba6 26.Bd3 Bxd3 27.Qxd3 gxf3 28.gxf3 Rg8 29.Kh1 Nh5 30.Rg1 Bf6
31.Rxg8 Kxg8 32.Qd5+ Kg7 33.Rg1+ Kh7 34.Qf7+ Ng7 35.Bd4 {#r} 1-0

[Event "Ch Mittelfranken (team) (B2b) 2007/08"]
[Site "masterchessopen.com Germany"]
[Date "2007.11.11"]
[Round "2"]
[White "Lang Christoph"]
[Black "Hannweber Markus (GER)"]
[Result "1-0"]
[WhiteElo "1778"]
[BlackElo "2029"]

1.d4 Nf6 2.c4 g6 3.Nc3 Bg7 4.e4 d6 5.Be2 O-O 6.Bg5 h6 7.Be3 e5 8.d5 Nbd7 9.g4
Ne8 10.Qd2 Kh7 11.h4 Nc5 12.O-O-O a6 13.Nh3 Bd7 14.Rdg1 f5 15.gxf5 gxf5
16.exf5 Bxf5 17.Bxc5 dxc5 18.Bd3 Bxd3 19.Qxd3+ Kh8 20.Ng5 Nf6 21.Ne6 e4 22.Qe3
Qe8 23.Nxg7 Qe5 24.Qxh6+ Nh7 25.Qe3 Rf7 26.Ne6 b6 27.Ng5 Rf4 28.Nxh7 Kxh7
29.Rg5 Qf6 30.Qg3 Re8 31.Rh5+ {#r} 1-0

[Event "Ch India (w)"]
[Site "masterchessopen.com Pune (India)"]
[Date "2007.11.12"]
[Round "8"]
[White "Divyasri Ch (IND)"]
[Black "Syed Nabeela Farheen (IND)"]
[Result "1-0"]
[WhiteElo "2050"]
[BlackElo "2093"]

1.d4 Nf6 2.c4 g6 3.Nc3 Bg7 4.e4 d6 5.Be2 O-O 6.Bg5 h6 7.Bf4 a5 8.Qd2 Kh7 9.h4
h5 10.Nh3 Nc6 11.d5 Ne5 12.f3 c5 13.Nf2 Rh8 14.O-O-O a4 15.Rdg1 Ned7 16.g4 Kg8
17.Be3 a3 18.b3 Qa5 19.gxh5 Nxh5 20.Nfd1 Kf8 21.f4 Ndf6 22.e5 Ne8 23.e6 fxe6
24.Rxg6 Bf6 25.Bf3 Neg7 26.dxe6 Nxe6 27.Rhg1 Nd4 28.Bxh5 Rxh5 29.Qg2 Bf5
30.Rxf6+ Ke8 31.Qxb7 Bh7 32.Rg7 Qd8 33.Rff7 {#r} 1-0

[Event "Ch World (juniors) (under 18)"]
[Site "masterchessopen.com Kemer (Turkey)"]
[Date "2007.11.18"]
[Round "1"]
[White "Kasyan Aleksandr (UZB)"]
[Black "Tucakovic Mario (BIH)"]
[Result "1-0"]
[WhiteElo "2318"]
[BlackElo "1922"]

1.d4 Nf6 2.c4 g6 3.Nc3 Bg7 4.e4 d6 5.Be2 O-O 6.Bg5 h6 7.Be3 Nbd7 8.Qd2 Kh7
9.f3 e5 10.d5 Ng8 11.h4 a6 12.h5 g5 13.g4 b6 14.Nh3 f6 15.Nf2 Ne7 16.O-O Rf7
17.Rab1 Bf8 18.b4 Ng8 19.Nd3 Be7 20.Bd1 a5 21.a3 Ba6 22.Bb3 Rf8 23.Rfc1 Nb8
24.Ne2 Bb7 25.c5 dxc5 26.bxc5 Ba6 27.d6 cxd6 28.c6 Qc7 29.Bd5 b5 30.Nc3 Nxc6
31.Nxb5 Bxb5 32.Rxb5 Ra6 33.Qb2 Rc8 34.Rb3 Qd8 35.Rb6 {#r} 1-0

[Event "Memorial M.Chigorin (open) ( b)"]
[Site "masterchessopen.com St. Petersburg (Russia)"]
[Date "2007.12.07"]
[Round "7"]
[White "Duzhakov Ilya (RUS)"]
[Black "Kozlov Roman (KAZ)"]
[Result "1-0"]
[WhiteElo "2118"]
[BlackElo "2370"]

1.d4 Nf6 2.c4 g6 3.Nc3 Bg7 4.e4 d6 5.Be2 O-O 6.Bg5 h6 7.Be3 c5 8.d5 a6 9.Qd2
Kh7 10.Nf3 Qa5 11.O-O b5 12.a3 bxc4 13.Bxc4 Nbd7 14.h3 Rb8 15.Rfb1 Qc7 16.Qe2
a5 17.Bd2 Ne8 18.a4 Nb6 19.Nb5 Qd7 20.Bd3 Ba6 21.b3 e6 22.dxe6 Qxe6 23.Ra2
Bxb5 24.axb5 a4 25.Rxa4 Nxa4 26.bxa4 Qa2 27.a5 c4 28.Be1 Qxe2 29.Bxe2 c3 30.b6
Nc7 31.Rc1 Ne6 32.Bxc3 Rfc8 33.Bd2 Rxc1+ 34.Bxc1 Nc5 35.Bf4 Ra8 36.a6 Bf8
37.b7 Re8 38.Bb5 {#r} 1-0

[Event "It (open)"]
[Site "masterchessopen.com Montpellier (France)"]
[Date "2007.12.28"]
[Round "5"]
[White "Jeanjean Laurent (FRA)"]
[Black "Petrov Vladimir (UKR)"]
[Result "0-1"]
[WhiteElo "1996"]
[BlackElo "2161"]

1.d4 Nf6 2.c4 g6 3.Nc3 Bg7 4.e4 d6 5.Be2 O-O 6.Bg5 h6 7.Be3 Nc6 8.d5 Nb8 9.Qd2
Kh7 10.f3 c6 11.O-O-O Na6 12.g4 Qa5 13.Bd3 Nd7 14.f4 Ndc5 15.Bb1 Bxg4 16.Rf1
Nb4 17.e5 cxd5 18.Nxd5 Nxa2+ 19.Bxa2 Qxa2 20.Bxc5 Qxc4+ 21.Nc3 Qxf1+ {#R} 0-1

[Event "It (open)"]
[Site "masterchessopen.com Unna (Germany)"]
[Date "2007.12.28"]
[Round "3"]
[White "Straeter Timo (GER)"]
[Black "Demin Vladimir (RUS)"]
[Result "1-0"]
[WhiteElo "2325"]
[BlackElo "2450"]

1.d4 Nf6 2.c4 g6 3.Nc3 Bg7 4.e4 d6 5.Be2 O-O 6.Bg5 h6 7.Be3 e5 8.d5 a5 9.h4 h5
10.Nh3 Ng4 11.Bg5 f6 12.Bd2 f5 13.Bg5 Bf6 14.Qd2 Bxg5 15.Nxg5 Nf6 16.O-O-O Na6
17.exf5 Bxf5 18.f3 Nc5 19.Rdg1 Qd7 20.Qe3 Rae8 21.g4 hxg4 22.fxg4 Bxg4 23.Nce4
Bf5 24.Nxc5 dxc5 25.Ne6 Rxe6 26.dxe6 Qxe6 27.h5 Kf7 28.hxg6+ Bxg6 29.Rh6 Rg8
30.Qg5 Qf5 31.Qxf5 Bxf5 32.Rxf6+ {#r} 1-0

[Event "It \"]
[Site "masterchessopen.com Belgrade (Yugoslavia)"]
[Date "2008.01.22"]
[Round "1"]
[White "Nestorovic Dejan (SRB)"]
[Black "Jakovljevic Zoran (SRB)"]
[Result "0-1"]
[WhiteElo "2424"]
[BlackElo "2090"]

1.d4 Nf6 2.c4 g6 3.Nc3 Bg7 4.e4 d6 5.Be2 O-O 6.Bg5 h6 7.Be3 c5 8.d5 e5 9.g4 b5
10.cxb5 a6 11.bxa6 Nxa6 12.h4 Qa5 13.f3 h5 14.Bg5 hxg4 15.Bxf6 Bxf6 16.fxg4
Qb4 17.Qd2 c4 18.h5 Nc5 19.Nh3 Nb3 20.axb3 Rxa1+ 21.Bd1 Bxg4 22.O-O Rxd1
23.Rxd1 Bxh3 {#R} 0-1

[Event "It (open) (masters)"]
[Site "masterchessopen.com Gibraltar (England)"]
[Date "2008.01.25"]
[Round "4"]
[White "Dzagnidze Nana (GEO)"]
[Black "Molina Tony (PHI)"]
[Result "1-0"]
[WhiteElo "2503"]
[BlackElo "2155"]

1.d4 Nf6 2.c4 g6 3.Nc3 Bg7 4.e4 d6 5.Be2 O-O 6.Bg5 h6 7.Be3 Nbd7 8.Qd2 c5 9.d5
Kh7 10.f4 Qa5 11.Nh3 b5 12.cxb5 a6 13.Nf2 axb5 14.Nxb5 Qb6 15.O-O Ba6 16.a4
Qb7 17.b4 Rfc8 18.Rab1 cxb4 19.Rxb4 Bxb5 20.Bxb5 Qc7 21.Bc6 Rab8 22.Rfb1 Rxb4
23.Rxb4 Rb8 24.Rb5 e6 25.g3 exd5 26.exd5 h5 27.Bd4 Rxb5 28.axb5 Nb6 29.Qb2 Qd8
30.Qa1 Nbd7 31.Bxd7 {#r} 1-0

[Event "It (open) (b)"]
[Site "masterchessopen.com Moscow (Russia)"]
[Date "2008.02.03"]
[Round "2"]
[White "Ponomarev Dmitry (RUS)"]
[Black "Antropov Sergey (RUS)"]
[Result "1-0"]
[WhiteElo "2336"]
[BlackElo "1960"]

1.d4 Nf6 2.c4 g6 3.Nc3 Bg7 4.e4 d6 5.Be2 O-O 6.Bg5 h6 7.Be3 c6 8.Qd2 Kh7 9.h4
Ng4 10.Bxg4 Bxg4 11.f3 Bd7 12.h5 g5 13.g4 b5 14.cxb5 cxb5 15.Rc1 e6 16.d5 Bxc3
17.Rxc3 e5 18.Ne2 b4 19.Rc2 a5 20.O-O Bb5 21.Rfc1 Na6 22.Ng3 Bd7 23.Qd3 Qb8
24.Nf5 b3 25.Qxb3 Nb4 26.Rc7 Bxf5 27.gxf5 a4 28.Qa3 Qb5 29.R7c4 Nxd5 30.exd5
Qxd5 31.Qc3 {#r} 1-0

[Event "It (juniors)"]
[Site "masterchessopen.com Reykjavik (Iceland)"]
[Date "2008.02.03"]
[Round "6"]
[White "Fridgeirsson Dagur Andri (ISL)"]
[Black "Sverrisson Nokkvi (ISL)"]
[Result "1-0"]
[WhiteElo "1795"]
[BlackElo "1933"]

1.d4 Nf6 2.c4 g6 3.Nc3 Bg7 4.e4 d6 5.Be2 O-O 6.Bg5 h6 7.Be3 e5 8.d5 Ne8 9.Qd2
Kh7 10.h4 f5 11.h5 f4 12.hxg6+ Kxg6 13.Bh5+ Kh7 14.Bxf4 exf4 15.Qd3 Qe7 16.Nf3
Kg8 17.Nh4 Qd8 18.Ng6 Rf6 19.O-O-O Nd7 20.Nb5 Ne5 21.Nxe5 dxe5 22.Bxe8 a6
23.Nxc7 Qxc7 24.d6 Qc5 25.d7 Bxd7 26.Bxd7 Qxf2 27.Qd5+ Kh8 28.Rd2 Qb6 29.c5
Qc7 30.Bf5 Rff8 31.Qd6 Qf7 32.Rxh6+ Bxh6 33.Qxh6+ Kg8 34.Be6 {#r} 1-0

[Event "Landesliga 2007/08"]
[Site "masterchessopen.com Mecklenburg-Vorpommern (Germany)"]
[Date "2008.02.10"]
[Round "6"]
[White "Schroeder Christian Dr (GER)"]
[Black "Stemmler Lysan (GER)"]
[Result "1-0"]
[WhiteElo "2092"]
[BlackElo "1863"]

1.c4 g6 2.d4 Bg7 3.Nc3 d6 4.e4 Nf6 5.Be2 O-O 6.Bg5 h6 7.Be3 Nc6 8.h3 e5 9.d5
Ne7 10.g4 Ne8 11.g5 h5 12.Nf3 c6 13.Qd2 c5 14.O-O-O a6 15.Nh4 Nc7 16.f4 exf4
17.Bxf4 b5 18.Nf3 bxc4 19.Bxc4 Nb5 20.Rh2 Nxc3 21.bxc3 Rb8 22.Qc2 Qa5 23.Kd2
Qa3 24.Kd3 f5 25.e5 dxe5 26.Nxe5 Bxe5 27.Bxe5 f4 28.d6+ Kh7 29.dxe7 Bf5+
30.Ke2 Bxc2 31.exf8=N+ Rxf8 32.Rd7+ {#r} 1-0

[Event "It (open) (b)"]
[Site "masterchessopen.com Bled (Slovenia)"]
[Date "2008.02.26"]
[Round "5"]
[White "Jovan Romuald (SLO)"]
[Black "Petrovic Marko (SLO)"]
[Result "0-1"]
[WhiteElo "2005"]
[BlackElo "1959"]

1.d4 Nf6 2.c4 g6 3.Nc3 Bg7 4.e4 d6 5.Be2 O-O 6.Bg5 h6 7.Be3 c5 8.d5 e5 9.dxe6
Bxe6 10.Qd2 Kh7 11.Rd1 Qa5 12.f3 Rd8 13.g4 Nc6 14.h4 Ne5 15.g5 Nh5 16.Nd5
Qxd2+ 17.Rxd2 Ng3 18.Rh2 Nxe2 19.Kxe2 Nxc4 20.Rc2 Bxd5 21.Bc1 Be6 22.h5 hxg5
23.Bxg5 f6 24.hxg6+ Kxg6 25.Bf4 Ne5 26.b3 Kf7 27.Ke3 b6 28.Ne2 d5 29.exd5 Rxd5
30.Bxe5 Rxe5+ 31.Kf2 Rh8 32.Rg2 Rg5 33.Ng3 f5 34.Ke3 Bd4+ 35.Kd2 Rhg8 {#R} 0-1

[Event "Ch SibFO "]
[Site "masterchessopen.com Novokuznetsk (Russia)"]
[Date "2008.03.17"]
[Round "5"]
[White "Konyshev Artem (RUS)"]
[Black "Lykov Vasili (RUS)"]
[Result "1-0"]
[WhiteElo "2329"]
[BlackElo "2138"]

1.c4 Nf6 2.Nc3 g6 3.d4 Bg7 4.e4 d6 5.Be2 O-O 6.Bg5 h6 7.Be3 e5 8.d5 c6 9.Qd2
cxd5 10.cxd5 Nxe4 11.Nxe4 f5 12.Bxh6 fxe4 13.Be3 Na6 14.Bxa6 bxa6 15.Ne2 Bd7
16.Nc3 Qh4 17.h3 Rac8 18.Bg5 Qh5 19.Nxe4 Rc4 20.Ng3 Qh7 21.O-O Rd4 22.Qa5 Bxh3
23.Qxa6 Rg4 24.Be7 e4 25.Bxf8 Rxg3 26.fxg3 Bd4+ 27.Rf2 e3 28.Re2 Bg4 29.Bxd6
Qh5 30.Rae1 {#r} 1-0

[Event "Tournament (weekend) \"]
[Site "masterchessopen.com Rome (Italy)"]
[Date "2008.04.19"]
[Round "3"]
[White "Gatta Flavio (ITA)"]
[Black "Foschini Andrea (ITA)"]
[Result "1-0"]
[WhiteElo "1771"]
[BlackElo "1832"]

1.c4 Nf6 2.Nc3 g6 3.e4 d6 4.d4 Bg7 5.Be2 O-O 6.Bg5 h6 7.Be3 Nc6 8.h3 a6 9.d5
Ne5 10.f4 Ned7 11.Qc2 Nc5 12.Rc1 Ncd7 13.Nf3 Nh5 14.g4 Ng3 15.Rg1 Nxe2 16.Qxe2
c5 17.g5 h5 18.Qd3 Rb8 19.b3 Qa5 20.Bd2 Qd8 21.h4 Nb6 22.Nh2 Na8 23.Rf1 Nc7
24.Ne2 e6 25.Bc3 exd5 26.cxd5 Bxc3+ 27.Nxc3 b5 28.Kd2 b4 29.Ne2 Nb5 30.f5 Qa5
31.Qc2 Bd7 32.fxg6 fxg6 33.Rf6 Rxf6 34.gxf6 Rf8 35.Rf1 Qd8 36.e5 Bf5 37.Rxf5
gxf5 38.Qxf5 Qe8 39.Qg5+ {#r} 1-0

[Event "It (open)"]
[Site "masterchessopen.com Zalakaros (Hungary)"]
[Date "2008.05.24"]
[Round "3"]
[White "Farago Ivan (HUN)"]
[Black "Tesik Csaba (HUN)"]
[Result "1-0"]
[WhiteElo "2489"]
[BlackElo "2093"]

1.d4 Nf6 2.c4 g6 3.Nc3 Bg7 4.e4 d6 5.Be2 O-O 6.Bg5 h6 7.Be3 c5 8.d5 e6 9.dxe6
Bxe6 10.h3 Nc6 11.Nf3 a6 12.Qd2 Qa5 13.O-O Rfd8 14.Bxh6 Rab8 15.Bxg7 Kxg7
16.a3 b5 17.b4 Qb6 18.cxb5 axb5 19.Qb2 c4 20.Rfd1 Rb7 21.Rd5 Qa6 22.a4 Bxd5
23.axb5 Qb6 24.Nxd5 Qxb5 25.Qxf6+ Kg8 26.Nd4 {#r} 1-0

[Event "It (open)"]
[Site "masterchessopen.com Zalakaros (Hungary)"]
[Date "2008.05.28"]
[Round "7"]
[White "Lenz Alarich (AUT)"]
[Black "Tesik Csaba (HUN)"]
[Result "0-1"]
[WhiteElo "2228"]
[BlackElo "2093"]

1.d4 Nf6 2.c4 g6 3.Nc3 Bg7 4.e4 d6 5.Be2 O-O 6.Bg5 h6 7.Be3 c5 8.dxc5 Qa5
9.Bd2 Qxc5 10.Nf3 Nc6 11.O-O Nd4 12.Nxd4 Qxd4 13.Be3 Qe5 14.Bd4 Qa5 15.Qd2
Nxe4 {#R} 0-1

[Event "Memorial M.Najdorf (open)"]
[Site "masterchessopen.com Warsaw (Poland)"]
[Date "2008.08.10"]
[Round "9"]
[White "Wypych Dominik (POL)"]
[Black "Solnicki Michal (POL)"]
[Result "1-0"]
[WhiteElo "2059"]
[BlackElo "2009"]

1.d4 Nf6 2.c4 g6 3.Nc3 Bg7 4.e4 d6 5.Be2 O-O 6.Bg5 h6 7.Be3 Nbd7 8.Qd2 Kh7
9.g4 c5 10.d5 b5 11.cxb5 a6 12.g5 Ne8 13.gxh6 Bf6 14.f4 Qa5 15.bxa6 Rb8 16.Rc1
Bxa6 17.Nf3 Bxe2 18.Qxe2 Nc7 19.O-O Nb5 20.Nxb5 Rxb5 21.b3 Rb4 22.Rc2 Qa3
23.Bd2 Rb7 24.e5 Bh8 25.Ng5+ Kg8 26.h7+ Kg7 27.exd6 exd6 28.Bc3+ Kh6 29.Bxh8
{#r} 1-0

[Event "Olympiad (juniors) (under 16) (team)"]
[Site "masterchessopen.com Mersin (Turkey)"]
[Date "2008.08.18"]
[Round "2"]
[White "Ng Isaac (AUS)"]
[Black "Kazdagli Benan (TUR)"]
[Result "0-1"]
[WhiteElo "1584"]
[BlackElo "1758"]

1.d4 Nf6 2.c4 g6 3.Nc3 Bg7 4.e4 d6 5.Be2 O-O 6.Bg5 h6 7.Be3 c5 8.dxc5 dxc5
9.Bxc5 Qc7 10.Be3 Rd8 11.Qc1 Kh7 12.h3 Qa5 13.Bd2 Qb6 14.Rb1 Nc6 15.Nf3 Nd4
16.Be3 Nxf3+ 17.Bxf3 Qa6 18.Nd5 Nxd5 19.exd5 Bf5 20.Ra1 Rac8 21.Be2 b5 22.g4
Be4 23.Rg1 bxc4 24.g5 h5 25.Bd2 Rxd5 26.Bc3 Bd3 27.Bxg7 Kxg7 28.Qc3+ Kh7
29.Bf3 Rf5 30.Bh1 Qe6+ 31.Kd1 Qe2+ 32.Kc1 Rxf2 33.Bg2 Qe3+ 34.Kd1 Bc2+ 35.Qxc2
Rd8+ {#R} 0-1

[Event "It (open)"]
[Site "masterchessopen.com Sao Paulo (Brazil)"]
[Date "2008.08.25"]
[Round "4"]
[White "Gazola Vanessa Ramos (BRA)"]
[Black "Moreira Altair Carlos Faria (BRA)"]
[Result "1-0"]
[WhiteElo "1973"]
[BlackElo "1792"]

1.d4 Nf6 2.c4 g6 3.Nc3 Bg7 4.e4 d6 5.Be2 O-O 6.Bg5 h6 7.Be3 e5 8.d5 Ne8 9.Qd2
Kh7 10.f3 f5 11.exf5 gxf5 12.h4 Qf6 13.O-O-O c5 14.g4 Kg8 15.g5 hxg5 16.Bxg5
Qf7 17.Nh3 Nf6 18.Bh6 Kh8 19.Nb5 Ne8 20.Rdg1 Qf6 21.Bxg7+ Nxg7 22.Nc7 Na6
23.Nxa8 f4 24.Bd3 Bxh3 25.Rxh3 Rxa8 26.Rg6 Qe7 27.Qg2 Nb4 28.Bb1 {#r} 1-0

[Event "It (open)"]
[Site "masterchessopen.com Urumia (Iran)"]
[Date "2008.08.27"]
[Round "3"]
[White "Nasri Amin (IRI)"]
[Black "Moghaddamian A (IRI)"]
[Result "1-0"]
[WhiteElo "2331"]
[BlackElo "2122"]

1.d4 Nf6 2.c4 d6 3.Nc3 g6 4.e4 Bg7 5.Be2 O-O 6.Bg5 h6 7.Be3 Nbd7 8.h4 e5 9.d5
Nc5 10.Qc2 Ng4 11.Bxg4 Bxg4 12.h5 g5 13.f3 Bd7 14.g4 b6 15.Nh3 a6 16.O-O Qe8
17.b4 Na4 18.Rfc1 Nxc3 19.Qxc3 c5 20.dxc6 Bxc6 21.Bxb6 f5 22.exf5 Qb8 23.Bf2
Qb7 24.Kg2 e4 25.Bd4 Bxd4 26.Qxd4 exf3+ 27.Kf1 f2 28.Kxf2 Bg2 29.Rc3 Bh1
30.Rg3 Rad8 31.Re1 Kh7 32.Re6 d5 33.Rge3 Rf7 34.c5 Qb8 35.R3e5 Be4 36.c6 a5
37.Rxh6+ {#r} 1-0